International Management Managing Across Borders and Cultures: Text and Cases

Saved in:
Bibliographic Details
Main Author: Deresky, Helen
Format: Book
Language:English
Published: Harlow PEARSON 2017
Edition:9th Edition
Subjects:
Tags: Add Tag
No Tags, Be the first to tag this record!

MARC

LEADER 00000nam a2200000 4500
001 0254527
005 20240221114113.2
020 |a 978-1-292-15353-7 
020 |a 1-292-15353-9 
041 0 |a eng 
044 |a GB 
245 1 0 |a International Management  |b Managing Across Borders and Cultures: Text and Cases  |c Helen Deresky 
250 |a 9th Edition 
264 1 |a Harlow  |b PEARSON  |c 2017 
300 |a 500 s. 
610 2 0 |a geopolitika 
610 2 0 |a regióny 
610 2 0 |a politika 
610 2 0 |a politika hospodárska 
610 2 0 |a legislatíva 
610 2 0 |a technológie nové 
610 2 0 |a zodpovednosť spoločenská 
610 2 0 |a etika 
610 2 0 |a kultúra 
610 2 0 |a podnikanie 
610 2 0 |a podnik malý 
610 2 0 |a aliancie strategické 
610 2 0 |a firmy 
610 2 0 |a stratégia podnikateľská 
610 2 0 |a riadenie 
610 2 0 |a riadenie ľudských zdrojov 
610 2 0 |a motivácia 
610 2 0 |a vedenie 
610 2 0 |a globalizácia 
610 2 0 |a štúdie prípadové 
610 2 0 |a podnikanie medzinárodné 
610 2 0 |a manažment medzinárodný 
100 1 |a Deresky, Helen